| 000 | 00388nam a22001451a 4500 | ||
|---|---|---|---|
| 082 |
_aM1 _bKRI/N |
||
| 100 |
_aKrishnan Unni N D _967624 |
||
| 245 |
_aNattuvelicham/ _cby Krishnan Unni N D |
||
| 260 |
_aPookunnam: _bKrishnan Unni N D, _c1982. |
||
| 300 | _a210p. | ||
| 650 |
_aPoetry Malayalam _967625 |
||
| 650 |
_aLiterature Malayalam _967626 |
||
| 650 |
_aLiterature _967627 |
||
| 942 | _cBK | ||
| 999 |
_c30719 _d30719 |
||